000
00285nam a22001337a 4500
003
SGT
020
_a
9780143104094
082
_a
954.04
_b
CHA
100
_a
CHANDRA BIPAN
245
_a
INDIA SINCE INDEPENDENCE
260
_a
GURUGRAM
_b
PENGUIN
_c
2008
300
_a
772
942
_2
ddc
_c
BK
999
_c
34432
_d
34432